Stolen children / (Record no. 3748)

MARC details
000 -LEADER
fixed length control field 00862nam a22002417a 4500
001 - CONTROL NUMBER
control field 3748
003 - CONTROL NUMBER IDENTIFIER
control field FISKH
005 - DATE AND TIME OF LATEST TRANSACTION
control field 20240429103229.0
008 - FIXED-LENGTH DATA ELEMENTS--GENERAL INFORMATION
fixed length control field 240429b cb ||||| |||| 00| 0 eng d
040 ## - CATALOGING SOURCE
Original cataloging agency FISK
Language of cataloging eng
Transcribing agency FISK
Modifying agency FISK
050 ## - LIBRARY OF CONGRESS CALL NUMBER
Classification number PZ7.K2518
082 ## - DEWEY DECIMAL CLASSIFICATION NUMBER
Classification number 495
100 ## - MAIN ENTRY--PERSONAL NAME
Personal name Kehret Peg
Dates associated with a name 1936-
245 ## - TITLE STATEMENT
Title Stolen children /
Statement of responsibility, etc. Peg Kehret
260 ## - PUBLICATION, DISTRIBUTION, ETC.
Place of publication, distribution, etc. New York :
Name of publisher, distributor, etc. Scholastic,
Date of publication, distribution, etc. 2009
300 ## - PHYSICAL DESCRIPTION
Extent 165 pages :
Dimensions 20 cm
505 ## - FORMATTED CONTENTS NOTE
Formatted contents note M
520 ## - SUMMARY, ETC.
Summary, etc. Fourteen-year-old Amy's excitement over her first babysitting job ends when she and her three-year-old charge are kidnapped, but a daily videorecording sent to little Kendra's parents allows Amy to send clues, in hopes of being rescued before the kidnappers decide they no longer need her.
521 8# - TARGET AUDIENCE NOTE
Target audience note 730
Source Lexiles
700 ## - ADDED ENTRY--PERSONAL NAME
Personal name Peg Kehret
942 ## - ADDED ENTRY ELEMENTS (KOHA)
Source of classification or shelving scheme Library of Congress Classification
Koha item type Books
Suppress in OPAC No
Holdings
Withdrawn status Lost status Source of classification or shelving scheme Damaged status Not for loan Collection Home library Current library Shelving location Date acquired Total Checkouts Full call number Barcode Date last seen Copy number Price effective from Koha item type
    Library of Congress Classification     Fiction Footprints International School Library Network Toul Kork Campus Footprints International School Library Network Toul Kork Campus TTP Secondary Fiction Bookshelves 04/29/2024   KEH PZ7.K2518 495 2024-0548 04/29/2024 1 04/29/2024 Books